000 00313nam a22001217a 4500
008 230620b xxu||||| |||| 00| 0 eng d
020 _a9231030930
082 _a321.80
_bUNE 1995
245 _aCulture of Democracy: A Challenge for Schools
260 _bUNESCO Publishers
_c1995
300 _a143p
942 _2ddc
_cBK
999 _c1821
_d1821